Pokémon de type Roche - Mort Subite - Statistiques

Statistiques générales
  • Ce quiz a été pris 279 fois
    26 depuis la dernière actualisation
  • Le résultat moyen est 13 sur 20
Answers on the Grid
Answers color-coded by a green-red scale on the quiz's grid according to % correct below.
Géolithe
Craparoi
Simularbre
Dolman
Gigansel
Bastiodon
Ptyranidur
Terrakium
Strassie
Volcaropod
Caratroc
Hachécateur
Zéroïd
Rhinoféros
Aéroptéryx
Météno
Armaldo
Golgopathe
Rocabot
Ama-Ama
Fort-Ivoire
Pierroteknik
Golemastoc
Paume-de-Fer
Barpau
Octillery
Brutalibré
Limaspeed
Pijako
Nounourson
Ursaking
Crikzik
Lampéroie
Galopa
Poussacha
Zorua
 
Statistiques - réponses
Réponse % Correct
Géolithe
83%
Simularbre
79%
Rhinoféros
75%
Rocabot
75%
Armaldo
71%
Craparoi
71%
Dolman
71%
Hachécateur
71%
Ptyranidur
71%
Terrakium
71%
Volcaropod
67%
Aéroptéryx
63%
Gigansel
63%
Strassie
63%
Ama-Ama
58%
Bastiodon
58%
Caratroc
58%
Golgopathe
58%
Météno
58%
Zéroïd
58%
Aucun quiz correspondant
Distribution des résultats
% des personnes avec chaque résultat
Percentile par nombre de réponses
Votre historique - résultats
Vous n’avez pas pris ce quiz depuis la dernière actualisation